书目信息 |
| 题名: |
邹跃进自选集
|
|
| 作者: | 邹跃进, 著 | |
| 分册: | ||
| 出版信息: | 太原 北岳文艺出版社 2018 |
|
| 页数: | 282页, [1] 页图版 | |
| 开本: | 25cm | |
| 丛书名: | 中国当代艺术批评文库 | |
| 单 册: | ||
| 中图分类: | J052-53 , J052 | |
| 科图分类: | ||
| 主题词: | 艺术评论--Yi Shu Ping Lun--中国--现代--文集 | |
| 电子资源: | ||
| ISBN: | 978-7-5378-5412-2 | |
| 000 | 01125nam 2200301 450 | |
| 001 | 012001010357 | |
| 005 | 20131101161518.0 | |
| 010 | @a978-7-5378-5412-2@dCNY59.80 | |
| 099 | @aCAL 012018079414 | |
| 100 | @a20180412d2018 ekmy0chiy50 ea | |
| 101 | 0 | @achi |
| 102 | @aCN@b140000 | |
| 105 | @aaf a 000yy | |
| 106 | @ar | |
| 200 | 1 | @a邹跃进自选集@AZhou Yue Jin Zi Xuan Ji@f邹跃进著 |
| 210 | @a太原@c北岳文艺出版社@d2018 | |
| 215 | @a282页, [1] 页图版@c图@d25cm | |
| 225 | 2 | @a中国当代艺术批评文库@AZhong Guo Dang Dai Yi Shu Pi Ping Wen Ku |
| 320 | @a有书目 | |
| 330 | @a本文集分为三部分, 现场、在场与再水墨。这样分类体现了作者的一种研究方式。因为没有现场与在场的经验是很难洞悉当代艺术的本质, 而再水墨亦源于作者和鲁虹师共同策划的“再水墨2000-2012中国当代水墨艺术展”这个关于水墨艺术未来发展可能性的讨论。 | |
| 333 | @a艺术评论人员 | |
| 410 | 0 | @12001 @a中国当代艺术批评文库 |
| 606 | 0 | @a艺术评论@AYi Shu Ping Lun@y中国@z现代@j文集 |
| 690 | @aJ052-53@v5 | |
| 690 | @aJ052@v4 | |
| 701 | 0 | @a邹跃进,@AZhou Yue Jin@f1958-@4著 |
| 801 | 2 | @aCN@b上海新华@c20191020 |
| 905 | @b1181398-402@dJ052-53@e509@f5 | |
| 邹跃进自选集/邹跃进著.-太原:北岳文艺出版社,2018 |
| 282页, [1] 页图版:图;25cm.-(中国当代艺术批评文库) |
| 使用对象:艺术评论人员 |
| ISBN 978-7-5378-5412-2:CNY59.80 |
| 本文集分为三部分, 现场、在场与再水墨。这样分类体现了作者的一种研究方式。因为没有现场与在场的经验是很难洞悉当代艺术的本质, 而再水墨亦源于作者和鲁虹师共同策划的“再水墨2000-2012中国当代水墨艺术展”这个关于水墨艺术未来发展可能性的讨论。 |
| ● |
| 相关链接 |
|
|
|
|
正题名:邹跃进自选集
索取号:J052-53/509
 
预约/预借
| 序号 | 登录号 | 条形码 | 馆藏地/架位号 | 状态 | 备注 |
| 1 | 1181398 | 211813983 | 第一样本阅览室/ [索取号:J052-53/509] | 在馆 | |
| 2 | 1181399 | 211813992 | 第一借阅区/ [索取号:J052-53/509] | 在馆 | |
| 3 | 1181400 | 211814009 | 第一借阅区/ [索取号:J052-53/509] | 在馆 | |
| 4 | 1181401 | 211814018 | 第一借阅区/ [索取号:J052-53/509] | 在馆 | |
| 5 | 1181402 | 211814027 | 第一借阅区/ [索取号:J052-53/509] | 在馆 |